2013-14 UEFA Europa League Results - Statistics

General Stats
  • This quiz has been taken 181 times
  • The average score is 20 of 32
Answers on the Map
Answers color-coded by a green-red scale on the quiz's map according to % correct below.
 
Answer Stats
Club % Correct
๐Ÿ‡ช๐Ÿ‡ธ Sevilla
93%
๐Ÿ‡ณ๐Ÿ‡ฑ Ajax
91%
๐Ÿ‡ณ๐Ÿ‡ฑ AZ
85%
๐Ÿ‡ต๐Ÿ‡น Benfica
84%
๐Ÿ‡บ๐Ÿ‡ฆ Dynamo Kyiv
84%
๐Ÿ‡ต๐Ÿ‡น Porto
81%
๐Ÿด๓ ง๓ ข๓ ฅ๓ ฎ๓ ง๓ ฟ Tottenham Hotspur
79%
๐Ÿ‡จ๐Ÿ‡ญ Basel
77%
๐Ÿ‡บ๐Ÿ‡ฆ Shakhtar Donetsk
77%
๐Ÿ‡ช๐Ÿ‡ธ Valencia
77%
๐Ÿ‡ซ๐Ÿ‡ท Lyon
75%
๐Ÿ‡ฎ๐Ÿ‡น Napoli
75%
๐Ÿ‡ฎ๐Ÿ‡น Juventus
71%
๐Ÿ‡ฎ๐Ÿ‡น Lazio
70%
๐Ÿ‡บ๐Ÿ‡ฆ Dnipro
65%
๐Ÿ‡ฌ๐Ÿ‡ท PAOK
64%
๐Ÿ‡ฎ๐Ÿ‡น Fiorentina
63%
๐Ÿ‡ฆ๐Ÿ‡น Red Bull Salzburg
63%
๐Ÿ‡ง๐Ÿ‡ช Genk
60%
๐Ÿ‡จ๐Ÿ‡ฟ Viktoria Plzeลˆ
59%
๐Ÿ‡ง๐Ÿ‡ฌ Ludogorets
58%
๐Ÿ‡ฎ๐Ÿ‡ฑ Maccabi Tel Aviv
56%
๐Ÿ‡น๐Ÿ‡ท Trabzonspor
54%
๐Ÿ‡ฉ๐Ÿ‡ช Eintracht Frankfurt
52%
๐Ÿ‡ธ๐Ÿ‡ฎ Maribor
46%
๐Ÿ‡ช๐Ÿ‡ธ Real Betis
45%
๐Ÿ‡ท๐Ÿ‡บ Rubin Kazan
45%
๐Ÿ‡ท๐Ÿ‡บ Anzhi Makhachkala
42%
๐Ÿด๓ ง๓ ข๓ ฅ๓ ฎ๓ ง๓ ฟ Swansea City
38%
๐Ÿ‡จ๐Ÿ‡ฟ Slovan Liberec
31%
๐Ÿ‡บ๐Ÿ‡ฆ Chornomorets Odessa
29%
๐Ÿ‡ฉ๐Ÿ‡ฐ Esbjerg
28%
No matching quizzes found
Score Distribution
Percent of People with Each Score
Percentile by Number Answered
Your Score History
You have not taken this quiz